000 00761nam a2200289Ia 4500
001 24970
003 IT-RoPAU
008 130308s9999 xx 000 0 und d
040 _aIT-RoPAU
040 _cIT-RoPAU
041 _aITALIANO
100 _aOppo Franco
100 _gCodice Aut. SPICS: 12560
245 _aPer una teoria generale del linguaggio musicale
245 _bMusical Grammars And Computer Analysis
250 _a1a ed.
260 _aFIRENZE
260 _bOlschki
260 _c1984 [1° Ed.:1984 - Ed.Ling.Originale:1982]
300 _a"16 p. (prefazione: no ; testo: 16 [pagine: 115-130])"
650 _aSAGGI MUSICALI
650 _eCodice materia Spics: 7011
942 _cBK
957 _71
999 _c60278
_d60278
999 _bSI
999 _g1